| 000 | 00594nam a2200217 a 4500 | ||
|---|---|---|---|
| 001 | BRCA_6177 | ||
| 005 | 20190320205347.0 | ||
| 008 | 110711s1919----mx-#######---#000-0#spa-# | ||
| 041 | _aspa | ||
| 044 | _amx | ||
| 050 | 4 |
_aPQ7297 _b.G63 F8 _c1919 |
|
| 100 | 1 |
_aGonzález Peña, Carlos _d1885-1955 _96366 |
|
| 245 | 1 | 0 |
_aLa fuga de la quimera _cCarlos González Peña. |
| 260 |
_aMéxico _bMéxico moderno _c1919 |
||
| 300 | _a252 p. | ||
| 440 | 0 |
_aBiblioteca de autores mexicanos modernos _915556 |
|
| 500 | _aK60 | ||
| 650 | 1 | 4 |
_aLiteratura mexicana _910506 |
| 902 | _aGFM | ||
| 942 |
_2lcc _cB |
||
| 999 |
_c5864 _d5864 |
||